000 00411nam a2200181Ia 4500
005 20250923145726.0
008 008 250917s9999 xx 000 0 eng d
037 _aPeriodicals
040 _aDSWL
_beng
_cDSWL
041 _aeng
_2eng
084 _qDSWL
245 0 _aSociological bulletin
260 _c1983
300 _a244p.
490 _vVol. 32-1983
942 _cCR
999 _c1454860
_d1454860